| 000 | 00434ntaaa2200181 4500 | ||
|---|---|---|---|
| 003 | 01 | ||
| 005 | 20251027201906.0 | ||
| 008 | 0714s1973 ag 01 | ||
| 040 |
_aAR-BaBN _bspa _cAR-BaBN _eaacr _dRIC |
||
| 082 | _a231.1000 K96d | ||
| 100 |
_aKutschki, Norbert _917411 |
||
| 245 | _aDios hoy; ¿problema o misterio? | ||
| 250 | _a1 ed. | ||
| 260 |
_aSalamanca : _bSígueme, _c1967 |
||
| 300 | _a251 p. | ||
| 650 | _aDios | ||
| 942 | _cBK | ||
| 999 |
_c13622 _d13622 |
||